00538 a2200157 4500040001300000082001600013100001900029245005200048260004200100300002500142500001900167650002700186942002900213999001500242952012300257 aDLCbDLC a320.9172408 aPye, Lucian W. aAspects of Policical DevelopmentcLucian W. Pye aIslamabad:bNational Book Foundation. aix, 205 p. ;c23 cm. aIncludes Index aPolitical Development. cBKk320.9172408 PYE2ddc c7097d7097 001040708NFICaCLbCLcGENd2008-07-30eDonationg0.00l0o320.9172408 PYEpSEECS009220r2022-02-02w2017-01-05yBK